<?xml version="1.0" encoding="UTF-8"?>
<record
    xmlns:xsi="http://www.w3.org/2001/XMLSchema-instance"
    xsi:schemaLocation="http://www.loc.gov/MARC21/slim http://www.loc.gov/standards/marcxml/schema/MARC21slim.xsd"
    xmlns="http://www.loc.gov/MARC21/slim">

  <leader>01136nam a2200229Ia 4500</leader>
  <datafield tag="999" ind1=" " ind2=" ">
    <subfield code="c">56162</subfield>
    <subfield code="d">56162</subfield>
  </datafield>
  <controlfield tag="001">23263</controlfield>
  <controlfield tag="003">GE_BSU</controlfield>
  <controlfield tag="005">20251202212644.0</controlfield>
  <controlfield tag="008">181216s1968||||geo|||||||||||||| ||geo||</controlfield>
  <datafield tag="040" ind1=" " ind2=" ">
    <subfield code="c">GE_BSU</subfield>
  </datafield>
  <datafield tag="041" ind1=" " ind2=" ">
    <subfield code="a">geo</subfield>
  </datafield>
  <datafield tag="080" ind1=" " ind2=" ">
    <subfield code="a">94(479.22:470.67) &#x10D1;-88</subfield>
  </datafield>
  <datafield tag="100" ind1=" " ind2=" ">
    <subfield code="a">&#x10D1;&#x10DD;&#x10EA;&#x10D5;&#x10D0;&#x10EB;&#x10D4;, &#x10D7;&#x10D4;&#x10D8;&#x10DB;&#x10E3;&#x10E0;&#x10D0;&#x10D6;</subfield>
    <subfield code="9">26326</subfield>
  </datafield>
  <datafield tag="245" ind1=" " ind2=" ">
    <subfield code="a">&#x10E1;&#x10D0;&#x10E5;&#x10D0;&#x10E0;&#x10D7;&#x10D5;&#x10D4;&#x10DA;&#x10DD;-&#x10D3;&#x10D0;&#x10E6;&#x10D4;&#x10E1;&#x10E2;&#x10DC;&#x10D8;&#x10E1; &#x10E3;&#x10E0;&#x10D7;&#x10D8;&#x10D4;&#x10E0;&#x10D7;&#x10DD;&#x10D1;&#x10D8;&#x10E1; &#x10D8;&#x10E1;&#x10E2;&#x10DD;&#x10E0;&#x10D8;&#x10D8;&#x10D3;&#x10D0;&#x10DC; : (XV-XVIII &#x10E1;&#x10E1;.) /</subfield>
    <subfield code="c">&#x10D7;&#x10D4;&#x10D8;&#x10DB;&#x10E3;&#x10E0;&#x10D0;&#x10D6; &#x10D1;&#x10DD;&#x10EA;&#x10D5;&#x10D0;&#x10EB;&#x10D4; ; &#x10E0;&#x10D4;&#x10D3;. &#x10D6;. &#x10D0;&#x10DC;&#x10E9;&#x10D0;&#x10D1;&#x10D0;&#x10EB;&#x10D4;.</subfield>
  </datafield>
  <datafield tag="264" ind1=" " ind2=" ">
    <subfield code="a">&#x10D7;&#x10D1;&#x10D8;&#x10DA;&#x10D8;&#x10E1;&#x10D8; :</subfield>
    <subfield code="b">&#x10DB;&#x10D4;&#x10EA;&#x10DC;&#x10D8;&#x10D4;&#x10E0;&#x10D4;&#x10D1;&#x10D0;,</subfield>
    <subfield code="c">1968.</subfield>
  </datafield>
  <datafield tag="300" ind1=" " ind2=" ">
    <subfield code="a">205 &#x10D2;&#x10D5;. ; </subfield>
    <subfield code="c">21 &#x10E1;&#x10DB;.</subfield>
  </datafield>
  <datafield tag="541" ind1=" " ind2=" ">
    <subfield code="h">80 &#x10D7;.</subfield>
  </datafield>
  <datafield tag="653" ind1=" " ind2=" ">
    <subfield code="a">&#x10E1;&#x10D0;&#x10E5;&#x10D0;&#x10E0;&#x10D7;&#x10D5;&#x10D4;&#x10DA;&#x10DD;-&#x10D3;&#x10D0;&#x10E6;&#x10D4;&#x10E1;&#x10E2;&#x10DC;&#x10D8;&#x10E1; &#x10E3;&#x10E0;&#x10D7;&#x10D8;&#x10D4;&#x10E0;&#x10D7;&#x10DD;&#x10D1;&#x10D4;&#x10D1;&#x10D8;&#x10E1; &#x10D8;&#x10E1;&#x10E2;&#x10DD;&#x10E0;&#x10D8;&#x10D0;</subfield>
  </datafield>
  <datafield tag="653" ind1=" " ind2=" ">
    <subfield code="a">&#x10E1;&#x10D0;&#x10E5;&#x10D0;&#x10E0;&#x10D7;&#x10D5;&#x10D4;&#x10DA;&#x10DD;-&#x10D3;&#x10D0;&#x10E6;&#x10D4;&#x10E1;&#x10E2;&#x10DC;&#x10D8;&#x10E1; &#x10E3;&#x10E0;&#x10D7;&#x10D8;&#x10D4;&#x10E0;&#x10D7;&#x10DD;&#x10D1;&#x10D8;&#x10E1; &#x10D8;&#x10E1;&#x10E2;&#x10DD;&#x10E0;&#x10D8;&#x10D8;&#x10D3;&#x10D0;&#x10DC; : (XV-XVIII &#x10E1;&#x10E1;.)</subfield>
  </datafield>
  <datafield tag="700" ind1=" " ind2=" ">
    <subfield code="a">&#x10D0;&#x10DC;&#x10E9;&#x10D0;&#x10D1;&#x10D0;&#x10EB;&#x10D4;, &#x10D6;.</subfield>
    <subfield code="e">&#x10E0;&#x10D4;&#x10D3;&#x10D0;&#x10E5;&#x10E2;&#x10DD;&#x10E0;&#x10D8;</subfield>
    <subfield code="9">26327</subfield>
  </datafield>
  <datafield tag="942" ind1=" " ind2=" ">
    <subfield code="c">BK</subfield>
    <subfield code="2">udc</subfield>
  </datafield>
  <datafield tag="952" ind1=" " ind2=" ">
    <subfield code="0">0</subfield>
    <subfield code="1">0</subfield>
    <subfield code="2">udc</subfield>
    <subfield code="4">0</subfield>
    <subfield code="6">944792247067_&#x10D1;88</subfield>
    <subfield code="7">0</subfield>
    <subfield code="9">81860</subfield>
    <subfield code="a">CPL</subfield>
    <subfield code="b">CPL</subfield>
    <subfield code="c">GEN</subfield>
    <subfield code="d">2018-12-17</subfield>
    <subfield code="g">0.80</subfield>
    <subfield code="o">94(479.22:470.67) &#x10D1;-88</subfield>
    <subfield code="p">28267</subfield>
    <subfield code="r">2018-12-17</subfield>
    <subfield code="t">28267</subfield>
    <subfield code="w">2018-12-17</subfield>
    <subfield code="y">BK</subfield>
    <subfield code="z">0.80 &#x20BE;.</subfield>
  </datafield>
</record>
